LEADER 00954nam0 2200277 450 001 000006658 005 20060316125618.0 010 $a88-14-10072-1 100 $a20060316d2003----km-y0itay50------ba 101 0 $aita 102 $aIT 105 $ay-------001yy 200 1 $a<>firma digitale sicura$eil documento informatico nell'ordinamento italiano$fManlio Cammarata, Enrico Maccarone 210 $aMilano$cGiuffrè$d2003 215 $aIX, 300 p.$d24 cm 225 2 $aTeoria e pratica del diritto$hSez. 1$iDiritto e procedura civile$v0101 410 0$12001$aTeoria e pratica del diritto. Sez. 1, Diritto e procedura civile 676 $a342.450858$v20 676 $a343.450999$v20 700 1$aCammarata,$bManlio$0526549 701 1$aMaccarone,$bEnrico$0420585 801 0$aIT$bUNIPARTHENOPE$c20060316$gRICA$2UNIMARC 912 $a000006658 951 $aE-0027$b36081$cNAVA3 996 $aFirma digitale sicura$9951994 997 $aUNIPARTHENOPE